|
|
|
|
| LEADER |
00000nam a2200000 4500 |
| 001 |
vtls012132898 |
| 003 |
SK-MaSNL |
| 005 |
20260301055459.0 |
| 007 |
co cg auuua |
| 008 |
220429s2021 xo al fqp 001 0 slo |
| 020 |
|
|
|a 9788022353410
|q (elektronická kniha)
|
| 040 |
|
|
|a SNK
|b slo
|c SNK
|e rda
|
| 041 |
0 |
|
|a slo
|
| 044 |
|
|
|a xo
|c SK
|
| 072 |
|
7 |
|a 37
|x Výchova a vzdelávanie
|2 konspekt
|
| 072 |
|
7 |
|a 373.2/.3
|x Predškolská a primárna výchova a vzdelávanie
|2 konspekt
|
| 080 |
|
|
|a 37.01/.09
|2 2011
|
| 080 |
|
|
|a 373.3
|2 2011
|
| 080 |
|
|
|a 37.015.31:7
|2 2011
|
| 080 |
|
|
|a (072)
|2 2011
|
| 080 |
|
|
|a (0.034.2)
|2 2011
|
| 080 |
|
|
|a (0.034.44)
|2 2011
|
| 100 |
1 |
|
|a Ťulák Krčmáriková, Zuzana,
|d 1978-
|4 aut
|9 192766
|
| 245 |
1 |
0 |
|a Využitie artefiletiky v prostredí základnej školy
|b metodický materiál
|c Zuzana Ťulák Krčmáriková
|
| 250 |
|
|
|a Vydanie prvé
|
| 264 |
|
1 |
|a V Bratislave
|b Univerzita Komenského
|c 2021
|
| 300 |
|
|
|a 1 CD-ROM
|b farebný
|c 12 cm
|
| 336 |
|
|
|a text
|b txt
|2 rdacontent
|
| 337 |
|
|
|a počítač
|b c
|2 rdamedia
|
| 338 |
|
|
|a počítačový disk
|b cd
|2 rdacarrier
|
| 347 |
|
|
|a textový súbor
|b PDF 700MB
|2 rda
|
| 504 |
|
|
|a Bibliografické odkazy
|
| 650 |
0 |
7 |
|a výchova a vzdelávanie
|2 SNKPH
|9 1684
|
| 650 |
0 |
7 |
|a základné školy
|2 SNKPH
|9 1280
|
| 650 |
0 |
7 |
|a artefiletika
|2 SNKPH
|9 110091
|
| 650 |
0 |
7 |
|a Education
|2 SNKPHeng
|9 265320
|
| 650 |
0 |
7 |
|a Elementary schools
|2 SNKPHeng
|9 265049
|
| 650 |
0 |
7 |
|a Education through art
|2 SNKPHeng
|9 328422
|
| 655 |
|
7 |
|a metodické príručky
|2 SNKPH
|9 70250
|
| 655 |
|
7 |
|a CD-ROM
|2 SNKPH
|9 70236
|
| 655 |
|
7 |
|a Methodological manuals
|2 SNKPHeng
|9 270866
|
| 655 |
|
7 |
|a Electronic resources
|2 SNKPHeng
|9 175546
|
| 655 |
|
7 |
|a elektronické zdroje
|2 SNKPH
|9 90954
|
| 852 |
|
|
|a Štátna vedecká knižnica v Banskej Bystrici
|
| 919 |
|
|
|a 978-80-223-5341-0
|
| 999 |
|
|
|c 613439
|d 615369
|
| 952 |
|
|
|t 1
|a SNK
|b SNK
|c SNK_KF
|y PREZ
|7 0
|p 17A1548482
|o snkSCDM 13332
|i snk2024/10473
|8 0
|0 0
|1 0
|2 udc
|4 0
|d 2024-07-03
|l 0
|r 2026-02-23 16:30:00
|w 2026-02-23
|